| 000 | 00525pab a2200193 454500 | ||
|---|---|---|---|
| 008 | 180718b2012 xxu||||| |||| 00| 0 eng d | ||
| 100 | _aPaul, Biru Paksha | ||
| 245 | _aExport - led growth in India and the role of liberalization | ||
| 260 | _c2012 | ||
| 300 | _ap.1-26. | ||
| 362 | _aFeb | ||
| 650 | _aLiberalization - India: Expoerts/Imports - India | ||
| 650 | _aEconomic liberalization - India | ||
| 650 | _aEconomic liberalizaton | ||
| 700 | _aDas, Anupam | ||
| 773 | _aMargin | ||
| 908 | _aN | ||
| 909 | _a95386 | ||
| 999 |
_c95386 _d95386 |
||